Jaysh Miṣr fī ayyām Ṣalāḥ al-Dīn /

محفوظ في:

المؤلف الرئيسي: Saʿdāwī, Naẓīr Ḥassān (مؤلف)

التنسيق: كتاب

اللغة: Arabic

منشور في: al-Qāhirah : Maktabat al-Nahḍah al-Miṣrīyah, 1956.

الموضوعات:

الوسوم: إضافة وسم

لا توجد وسوم, كن أول من يضع وسما على هذه التسجيلة!

رقم الطلب: UA865 .A3 1956

LEADER 01164nam a2200265Ia 4500
003 OSt
005 20240324084144.0
008 130303s1956 ua a 000 0 ara d
952 |0 0  |1 0  |2 lcc  |4 0  |6 UA0865 A3 01956  |7 1  |9 6046  |a ARCE  |b ARCE  |d 2020-09-19  |l 0  |o UA865 .A3 1956  |p 1034069  |r 2020-09-19 00:00:00  |w 2020-09-19  |y BK 
999 |c 30141  |d 30141 
040 |c ARCE Library 
043 |a f-ua--- 
050 4 |a UA865 .A3 1956 
100 1 |6 880-01  |a Saʿdāwī, Naẓīr Ḥassān,  |e author 
245 1 0 |6 880-02  |a Jaysh Miṣr fī ayyām Ṣalāḥ al-Dīn /  |c taʼlīf Naẓīr Ḥassān Saʻdāwī. 
264 1 |a al-Qāhirah :  |b Maktabat al-Nahḍah al-Miṣrīyah,  |c 1956. 
300 |a 7, 121 pages :   |b illustrations ;   |c 20 cm. 
500 |a Added title pages : The army of Egypt in the time of Saladin / by N. H. Saadawi. 
650 0 |a Armies  |z Egypt  |x History. 
651 0 |a Egypt  |x History, Military. 
651 0 |a Egypt  |x Jaysh  |x History. 
880 1 |6 100-01/(3/r  |a سعداوي، نظير حسان 
880 1 0 |6 245-02/(3/r  |a جيش مصر في أيام صلاح الدين   |c تأليف نظير حسان سعداوي.‪‪‪‪‪‪‪‪ 
901 |a reviewed 
942 |c BK  |2 lcc